Can you do the Time Warp? Quiz Stats

 Plays Quiz Updated Feb 16, 2012

Challenge
Share
Tweet
Embed
Score 0/7 Timer 02:00
4 Plays Today
Line Action % Correct
let's...do the time warp again!
92.4%
and then a...step to the right
92.3%
It's just a...jump to the left
92%
with your hands...on your hips
91.8%
but it's the...pelvic thrust
78.2%
you bring your...knees in tight
74.4%
that really...drives you insane
62.3%

You're not logged in!

Compare scores with friends on all Sporcle quizzes.
Join for Free
OR
Log In

You Might Also Like...

Show Comments

Extras

Top Quizzes Today


Score Distribution

Your Account Isn't Verified!

In order to create a playlist on Sporcle, you need to verify the email address you used during registration. Go to your Sporcle Settings to finish the process.

Report this User

Report this user for behavior that violates our Community Guidelines.

Details: